|
|
|
|
| LEADER |
01584nam a2200373 a 4500 |
| 001 |
000296418 |
| 003 |
CZ BrMZK |
| 005 |
20251113064204.0 |
| 007 |
ta |
| 008 |
980115s1997 xr f cze d |
| 015 |
|
|
|a cnb000307240
|
| 020 |
|
|
|a 80-7040-224-5
|
| 035 |
|
|
|a (OCoLC)39317548
|
| 040 |
|
|
|a BOA001
|b cze
|
| 080 |
|
|
|a 808.50-5(075.8)
|2 MRF
|
| 100 |
1 |
|
|a Jaklová, Alena,
|d 1951-
|7 xx0006765
|4 aut
|
| 245 |
1 |
0 |
|a Praktická mluvnice češtiny I /
|c Alena Jaklová, Marie Janečková, Bohumila Junková
|
| 250 |
|
|
|a Vyd. 1.
|
| 260 |
|
|
|a České Budějovice :
|b Jihočeská univerzita,
|c 1997
|
| 300 |
|
|
|a 164 s. ;
|c 28 cm
|
| 504 |
|
|
|a Obsahuje bibliografii
|
| 521 |
8 |
|
|a Určeno pro cizince studující češtinu a pro posluchače fakulty pedagogické
|
| 500 |
|
|
|a Dostupné též v digitální podobě v aplikaci Kramerius
|
| 653 |
0 |
|
|a česká mluvnice
|a čeština
|
| 700 |
1 |
|
|a Janečková, Marie,
|d 1949-
|7 xx0006779
|4 aut
|
| 700 |
1 |
|
|a Junková, Bohumila,
|d 1949-
|7 jn20001227602
|4 aut
|
| 710 |
2 |
|
|a Jihočeská univerzita.
|b Pedagogická fakulta
|7 kn20010710222
|
| 856 |
4 |
1 |
|u http://www.digitalniknihovna.cz/mzk/uuid/uuid:f1249da0-c5d5-11f0-85eb-5ef3fc9bb22f
|y Digitalizovaný dokument
|x NDK
|
| 910 |
|
|
|a BOA001
|b 4-1042.869
|b PK-N-0033.841,1
|
| 920 |
|
|
|a 000310887
|
| 964 |
|
|
|a Čeština
|x mluvnice
|x učebnice
|x školy vysoké
|
| 990 |
|
|
|a BK
|
| 996 |
7 |
|
|b 2610067246
|c 4-1042.869
|l MZK
|r Sklad / do 1 hodiny
|n 28
|p p.v.
|w 000296418
|u 000010
|a 1
|e BOA001
|j MZK50
|s A
|
| 996 |
7 |
|
|b 3119012369
|c PK-N-0033.841,1
|l MZK
|r Sklad / do 1 hodiny
|n 23
|p kup
|w 000296418
|u 000020
|a 1
|e BOA001
|j MZK50
|s A
|